000 00750nam a22002057a 4500
999 _c11796
_d11796
003 AR-CdUCM
008 190405b ||||| |||| 00| 0 spa d
040 _aMUNICIPALIDAD PROVINCIAL DEL CUSCO
_cBIBLIOTECA MUNICIPAL DEL CUSCO
082 _a869.552 /
_bZ2 / 1921
100 _aPalma, Ricardo
_9304
245 _aEl palma juventud /
260 _aLima :
_bE. rosay,
_c1921.
300 _a294 páginas ;
_c18 cm.
505 _aContenido : Proemio -- Consejas tradicionales (Preludio) -- La misa negra (Cuento de la abuela) -- Contra pereza diligencia (Cuento) -- La poesía -- El rosal de rosa ...
650 _aLiteratura
_983
650 _aPeruana
_925277
650 _aLatinoamericana
_95799
942 _2ddc
_cLIBROS
945 _arah
_d05/04/2019